000 01386pam a2200337 a 4500
001 2068087
003 OSt
005 20230704121850.0
008 940428s1994 ilu b 001 0 eng
010 _a 94012539
020 _a0226401707 (cloth)
020 _a0226401715 (paper)
040 _aDLC
_cDLC
_dDLC
043 _an-us---
050 0 0 _aJK681
_b.J64 1994
082 0 0 _a353.001
_220
_bJOH
100 1 _aJohnson, Ronald N.
245 1 4 _aThe Federal civil service system and the problem of bureaucracy :
_bthe economics and politics of institutional change /
_cRonald N. Johnson and Gary D. Libecap.
260 _aChicago :
_bUniversity of Chicago Press,
_cc1994.
300 _aix, 229 p. ;
_c24 cm.
440 0 _aNBER series on long-term factors in economic development
504 _aIncludes bibliographical references (p. 205-221) and index.
650 0 _aCivil service
_zUnited States
_xHistory.
650 0 _aBureaucracy
_zUnited States
_xHistory.
700 1 _aLibecap, Gary D.
856 4 2 _3Publisher description
_uhttp://www.loc.gov/catdir/description/uchi052/94012539.html
856 4 1 _3Table of contents
_uhttp://www.loc.gov/catdir/toc/uchi051/94012539.html
906 _a7
_bcbc
_corignew
_d1
_eocip
_f19
_gy-gencatlg
942 _2ddc
_cBK
999 _c3792
_d3792